Prečo je dobré podnikať

Startupová konferencia v Helsinkách. Inovatívne začínajúce podniky vo Fínsku. Startupové centrum. Start-upy nielen v KIT ale aj v oblasti krásy. Inovácia v oblasti odvozu odpadu. Učiť sa podnikať.

Na minha lista:
Detalhes bibliográficos
Autor principal: Mravčák, Alexander
Formato: Capítulo de Livro
Idioma:eslovaco
Assuntos:
Tags: Adicionar Tag
Sem tags, seja o primeiro a adicionar uma tag!

MARC

LEADER 00000naa a2200000 4500
001 0196454
005 20231113083152.9
041 0 |a slo 
044 |a SK 
245 1 0 |a Prečo je dobré podnikať  |c Alexander Mravčák 
520 |a Startupová konferencia v Helsinkách. Inovatívne začínajúce podniky vo Fínsku. Startupové centrum. Start-upy nielen v KIT ale aj v oblasti krásy. Inovácia v oblasti odvozu odpadu. Učiť sa podnikať. 
610 2 0 |a start-up 
610 2 0 |a podnikanie 
610 2 0 |a konferencie 
610 2 0 |a inovácia 
610 2 0 |a firmy 
610 2 0 |a vzdelávanie 
610 2 0 |a Fínsko 
100 1 |a Mravčák, Alexander